000 00418nam a2200169Ia 4500
008 230524s9999 xx 000 0 und d
082 _a241.644
_bCAR
100 _aRobert H.Carver
245 0 _aData Analysis With SPSS : Version 16
250 _a4TH
260 _aAUSTRALIA
_bCengage
_c2011
300 _a255
500 _aQuantity Number: 5
650 _aComp-Sc
700 _a Jane Gradwohl Nash
942 _cBK
999 _c49284
_d49284